000
00266nam a22001217a 4500
082
_a
823
_b
STE/K
100
_a
ROBERT LOUIS STEVENSON
245
_a
KIDNAPPED
260
_a
NEW YORK
_b
PLAYMORE INC
300
_a
236
650
_a
ILLUSTRATED CLASSIC EDITIONS
942
_c
BK
999
_c
381
_d
381